La evolución espiritual de Simone Weil

Saved in:
Bibliographic Details
Main Author: Halda, Bernard (Author)
Format: Book
Language:Spanish
Published: Burgos Aldecoa 1965
Series:Colección Lumen Gentium
Subjects:
Tags: Add Tag
No Tags, Be the first to tag this record!

MARC

LEADER 00000nam a2200000 a 4500
001 UCL5156
003 CL-VaPUC
008 040305e19650000SP |||||||||||||||||spa|d
082 0 4 |a 194  |b HAL  |2 21 
100 0 |a Halda, Bernard  |e author  |9 482852 
245 1 3 |a La evolución espiritual de Simone Weil 
300 |a 205 p 
942 |c BK 
945 |d 20040305 00:00:00  |a vberengu 
260 |a Burgos  |b Aldecoa  |c 1965 
600 0 7 |a WEIL, SIMONE 1909-1943  |2 CL-VaPUC  |9 481771 
650 0 |a Filósofos franceses  |9 314621 
650 0 |a Biografías  |9 255210 
583 |a last modification  |c 20040305 00:00:00  |k Rodrigo Vera 
490 0 |a Colección Lumen Gentium 
999 |c 307824  |d 307822 
952 |0 0  |1 2  |4 0  |6 194_000000000000000_HAL_1965  |7 0  |8 A  |9 373954  |a BIBTEO  |b BIBTEO  |d 2019-11-21  |i 2104660  |o 194 HAL 1965  |p 2104660  |r 2019-11-21  |w 2019-11-21  |x Descarte 2019  |y BK  |k ICR